000 00755nam a2200253Ia 4500
003 OSt
005 20220924124323.0
006 a|||||r|||| 00| 0
007 ta
008 220923b |||||||| |||| 00| 0 san d
024 _a53621
037 _cTextual
040 _aARTS
_cARTS
_bsan
041 _2san
_asan
082 _aP15,25Ax1,1, 15M2
100 _aVenkatarama Sharma V ed
_9195453
245 0 _aTaittiriya pratisakhya with the bhasya Padakramasadana of Mahiseya
260 _aNew Delhi
_b Panini
_c1982
300 _aiv,4,iii,185,xxx,9p
_ccm.
490 _aPanini Vaidika granthamala; 4
650 _aLINGUISTICS
942 _hP15,25Ax1,1, 15M2
_cTEXL
_2CC
999 _c419239
_d419239